| 000 | 00584nai a22001937a 4500 | ||
|---|---|---|---|
| 003 | OSt | ||
| 005 | 20170601163217.0 | ||
| 008 | 170321b xxu||||| |||| 00| 0 eng d | ||
| 022 | _a07977-888X | ||
| 040 |
_aBMC _cBMC |
||
| 082 | _a338.1 | ||
| 245 | 0 | 0 |
_aBiodiversidad, sustento y culturas _b: junio |
| 260 |
_aBarcelona _bREDES-AT _bGRAIN _c1998 |
||
| 300 |
_a48 p. _c28 cm |
||
| 490 |
_aRedes, amigos de la tierra _v15-16 |
||
| 505 | _aContiene: Manipulación genética del tomate.- Biopiratería, patente de saqueo.- | ||
| 650 | 2 | 4 |
_96390 _aAgricultura integrada |
| 942 |
_2ddc _cPR |
||
| 999 |
_c27338 _d27338 |
||